LIBRARY & INFORMATION CENTRE, KCAET, TAVANUR

ONLINE PUBLIC ACCESS CATALOGUE (OPAC)

Advanced engineered pesticides / (Record no. 2967)

MARC details
000 -LEADER
fixed length control field 00408cam a2200169ua 4500
020 ## - INTERNATIONAL STANDARD BOOK NUMBER
ISBN 0 8247 8990 3
041 ## - LANGUAGE CODE
Language code of text/sound track or separate title eng
082 ## - DEWEY DECIMAL CLASSIFICATION NUMBER
Classification number 632.96
Item number KIM/AD
100 ## - MAIN ENTRY--AUTHOR NAME
Personal name Kim, Leo .
245 ## - TITLE STATEMENT
Title Advanced engineered pesticides /
250 ## - EDITION STATEMENT
Edition statement 1 /
260 ## - PUBLICATION, DISTRIBUTION, ETC. (IMPRINT)
Place of publication Newyork :
Name of publisher Marcel dekker ,
Year of publication 1993.
300 ## - PHYSICAL DESCRIPTION
Number of Pages 430 ; .
942 ## - ADDED ENTRY ELEMENTS (KOHA)
Koha item type Books
Holdings
Withdrawn status Lost status Damaged status Home library Current library Date acquired Full call number Accession Number Koha item type
      KAUAET KAUAET 07/04/2012 632.96 20518 Books
free website counter